000 00622nam a2200241Ia 4500
003 OSt
005 20221007072453.0
006 a|||||r|||| 00| 0
007 ta
008 221006b |||||||| |||| 00| 0 eng d
024 _a24,511
037 _cTextual
040 _aFLL
_cFLL
_beng
041 _2eng
_aeng
082 _aZ3:5, G5
100 _aWilshere A. M.
_9690711
245 0 _aCriminal law and procedure
250 _a4th
260 _aLondon
_bSweet & Maxwell , Limited UK
_c1935
300 _axxiv,375,31p
_ccm.
942 _hZ3:5, G5
_cTEXL
_2CC
999 _c1146161
_d1146161